El Salvador: Crisis, dictadura, lucha... (1920-1980) /

में बचाया:
ग्रंथसूची विवरण
मुख्य लेखक: Salazar Valiente, Mario
अन्य लेखक: coord
स्वरूप: मूलपाठ
भाषा:Spanish
प्रकाशित: Mèxico, D.F: Siglo XXI 1981
विषय:
टैग: टैग जोड़ें
कोई टैग नहीं, इस रिकॉर्ड को टैग करने वाले पहले व्यक्ति बनें!

MARC

LEADER 00000 a a2200000 04500
001 29651
003 cru IIS
005 20230418111001.0
008 230418b |||||||| |||| 00| 0 spa d
020 |a 968-23-0948-4  
040 |c CRAI-IIS 
090 |a AL 0003 A512a tomo 2  
100 1 |a Salazar Valiente, Mario  |9 11056 
245 |a El Salvador:   |b Crisis, dictadura, lucha... (1920-1980) /  |c Mario Salazar Valiente 
260 |a Mèxico, D.F:   |b Siglo XXI   |c 1981 
300 |a 87-122p. 
650 |a HISTORIA POLITICA  
650 |a INTERVENCION EXTRANJERA  
650 |a DICTADURA  
700 |a coord  
942 |2 ddc  |c LI 
999 |c 10711  |d 10711 
773 0 |0 8347  |9 8637  |a González Casanova, Pablo   |d Mèxico, D.F: Siglo XXI 1981  |o 04753  |t América Latina: historia de medio siglo: Centroamérica, México y el Caribe /  |w (cru CIDCAS/IIS)29653  |z 968-23-0948-4